<?xml version="1.0" encoding="UTF-8"?>
<record
    xmlns:xsi="http://www.w3.org/2001/XMLSchema-instance"
    xsi:schemaLocation="http://www.loc.gov/MARC21/slim http://www.loc.gov/standards/marcxml/schema/MARC21slim.xsd"
    xmlns="http://www.loc.gov/MARC21/slim">

  <leader>01044nam a22002177a 4500</leader>
  <datafield tag="010" ind1=" " ind2=" ">
    <subfield code="a">A-895488</subfield>
  </datafield>
  <datafield tag="020" ind1=" " ind2=" ">
    <subfield code="a">8170249317</subfield>
    <subfield code="c">4000.00(set)</subfield>
  </datafield>
  <datafield tag="035" ind1=" " ind2=" ">
    <subfield code="a">A-895488</subfield>
  </datafield>
  <datafield tag="037" ind1=" " ind2=" ">
    <subfield code="a">Cen Lib/Ret</subfield>
  </datafield>
  <datafield tag="040" ind1=" " ind2=" ">
    <subfield code="a">DPL</subfield>
    <subfield code="b">EN</subfield>
  </datafield>
  <datafield tag="082" ind1=" " ind2=" ">
    <subfield code="a">302.14</subfield>
    <subfield code="b">SHA</subfield>
  </datafield>
  <datafield tag="245" ind1=" " ind2=" ">
    <subfield code="a">Anatomy of communalism /</subfield>
    <subfield code="c">by Sita Ram Sharma</subfield>
  </datafield>
  <datafield tag="260" ind1=" " ind2=" ">
    <subfield code="a">New Delhi </subfield>
    <subfield code="b"> APH Publishingh Corporation</subfield>
    <subfield code="c">1998.</subfield>
  </datafield>
  <datafield tag="270" ind1=" " ind2=" ">
    <subfield code="a">5, Ansari Road, Darya Ganj </subfield>
    <subfield code="b">New Delhi </subfield>
    <subfield code="e">110002</subfield>
  </datafield>
  <datafield tag="300" ind1=" " ind2=" ">
    <subfield code="a">6 v.; (v 1. 382 ; v 2. 300 ; v 3. 233 ; v 4. 278 ;  v. 5 249 ; v 6. 238)</subfield>
  </datafield>
  <datafield tag="500" ind1=" " ind2=" ">
    <subfield code="a">6 v. ; v 1. Historical perspectives on communalism (avalibale) ; v. 2. Politics and government of communalism (avalibale) ; v. 3. Indian Muslim League and communalism (avalibale) ; v 4. Mohammad Ali Jinnah and communal leadership (avalibale) ; v 5. An analysis of Hindu-Muslim conflict in India (avalibale) ; v. 6. Hindu communalism (avalibale)



</subfield>
  </datafield>
  <datafield tag="650" ind1=" " ind2=" ">
    <subfield code="a">Communalism -- India. </subfield>
  </datafield>
  <datafield tag="650" ind1=" " ind2=" ">
    <subfield code="a"> Communalism -- Pakistan.</subfield>
  </datafield>
  <datafield tag="700" ind1=" " ind2=" ">
    <subfield code="a">Sharma, Sita Ram </subfield>
  </datafield>
  <datafield tag="942" ind1=" " ind2=" ">
    <subfield code="2">ddc</subfield>
    <subfield code="c">EN</subfield>
    <subfield code="h">302.14</subfield>
    <subfield code="m">SHA</subfield>
  </datafield>
  <datafield tag="999" ind1=" " ind2=" ">
    <subfield code="c">136367</subfield>
    <subfield code="d">136367</subfield>
  </datafield>
  <datafield tag="952" ind1=" " ind2=" ">
    <subfield code="0">0</subfield>
    <subfield code="1">0</subfield>
    <subfield code="3">v.1</subfield>
    <subfield code="4">0</subfield>
    <subfield code="7">1</subfield>
    <subfield code="8">REF</subfield>
    <subfield code="a">L</subfield>
    <subfield code="b">L</subfield>
    <subfield code="d">2016-02-27</subfield>
    <subfield code="e">Cen Lib/Ret</subfield>
    <subfield code="g">4000.00</subfield>
    <subfield code="l">0</subfield>
    <subfield code="o">302.14 SHA</subfield>
    <subfield code="p">A-895488</subfield>
    <subfield code="r">2016-02-27 00:00:00</subfield>
    <subfield code="t">1</subfield>
    <subfield code="v">4000.00</subfield>
    <subfield code="w">2016-02-27</subfield>
    <subfield code="y">EN</subfield>
  </datafield>
  <datafield tag="952" ind1=" " ind2=" ">
    <subfield code="0">0</subfield>
    <subfield code="1">0</subfield>
    <subfield code="3">v.2</subfield>
    <subfield code="4">0</subfield>
    <subfield code="7">1</subfield>
    <subfield code="8">REF</subfield>
    <subfield code="a">L</subfield>
    <subfield code="b">L</subfield>
    <subfield code="d">2016-02-27</subfield>
    <subfield code="e">Cen Lib/Ret</subfield>
    <subfield code="g">4000.00</subfield>
    <subfield code="l">0</subfield>
    <subfield code="o">302.14 SHA</subfield>
    <subfield code="p">A-900154</subfield>
    <subfield code="r">2016-02-27 00:00:00</subfield>
    <subfield code="t">2</subfield>
    <subfield code="v">4000.00</subfield>
    <subfield code="w">2016-02-27</subfield>
    <subfield code="y">EN</subfield>
  </datafield>
  <datafield tag="952" ind1=" " ind2=" ">
    <subfield code="0">0</subfield>
    <subfield code="1">0</subfield>
    <subfield code="3">v.3</subfield>
    <subfield code="4">0</subfield>
    <subfield code="7">1</subfield>
    <subfield code="8">REF</subfield>
    <subfield code="a">L</subfield>
    <subfield code="b">L</subfield>
    <subfield code="d">2016-02-27</subfield>
    <subfield code="e">Cen Lib/Ret</subfield>
    <subfield code="g">4000.00</subfield>
    <subfield code="l">0</subfield>
    <subfield code="o">302.14 SHA</subfield>
    <subfield code="p">A-900155</subfield>
    <subfield code="r">2016-02-27 00:00:00</subfield>
    <subfield code="t">3</subfield>
    <subfield code="v">4000.00</subfield>
    <subfield code="w">2016-02-27</subfield>
    <subfield code="y">EN</subfield>
  </datafield>
  <datafield tag="952" ind1=" " ind2=" ">
    <subfield code="0">0</subfield>
    <subfield code="1">0</subfield>
    <subfield code="3">v.4</subfield>
    <subfield code="4">0</subfield>
    <subfield code="7">1</subfield>
    <subfield code="8">REF</subfield>
    <subfield code="a">L</subfield>
    <subfield code="b">L</subfield>
    <subfield code="d">2016-02-27</subfield>
    <subfield code="e">Cen Lib/Ret</subfield>
    <subfield code="g">4000.00</subfield>
    <subfield code="l">0</subfield>
    <subfield code="o">302.14 SHA</subfield>
    <subfield code="p">A-900156</subfield>
    <subfield code="r">2016-02-27 00:00:00</subfield>
    <subfield code="t">4</subfield>
    <subfield code="v">4000.00</subfield>
    <subfield code="w">2016-02-27</subfield>
    <subfield code="y">EN</subfield>
  </datafield>
  <datafield tag="952" ind1=" " ind2=" ">
    <subfield code="0">0</subfield>
    <subfield code="1">0</subfield>
    <subfield code="3">v.5</subfield>
    <subfield code="4">0</subfield>
    <subfield code="7">1</subfield>
    <subfield code="8">REF</subfield>
    <subfield code="a">L</subfield>
    <subfield code="b">L</subfield>
    <subfield code="d">2016-02-27</subfield>
    <subfield code="e">Cen Lib/Ret</subfield>
    <subfield code="g">4000.00</subfield>
    <subfield code="l">0</subfield>
    <subfield code="o">302.14 SHA</subfield>
    <subfield code="p">A-900157</subfield>
    <subfield code="r">2016-02-27 00:00:00</subfield>
    <subfield code="t">5</subfield>
    <subfield code="v">4000.00</subfield>
    <subfield code="w">2016-02-27</subfield>
    <subfield code="y">EN</subfield>
  </datafield>
  <datafield tag="952" ind1=" " ind2=" ">
    <subfield code="0">0</subfield>
    <subfield code="1">0</subfield>
    <subfield code="3">v.6</subfield>
    <subfield code="4">0</subfield>
    <subfield code="7">1</subfield>
    <subfield code="8">REF</subfield>
    <subfield code="a">L</subfield>
    <subfield code="b">L</subfield>
    <subfield code="d">2016-02-27</subfield>
    <subfield code="e">Cen Lib/Ret</subfield>
    <subfield code="g">4000.00</subfield>
    <subfield code="l">0</subfield>
    <subfield code="o">302.14 SHA</subfield>
    <subfield code="p">A-900158</subfield>
    <subfield code="r">2016-02-27 00:00:00</subfield>
    <subfield code="t">6</subfield>
    <subfield code="v">4000.00</subfield>
    <subfield code="w">2016-02-27</subfield>
    <subfield code="y">EN</subfield>
  </datafield>
</record>
